| 000 | 00666nam a2200229 a 4500 | ||
|---|---|---|---|
| 001 | 66194 | ||
| 003 | BD-RjUL | ||
| 005 | 20211209081517.0 | ||
| 008 | 170314s1985 us ||||| |||| 001 0 eng d | ||
| 035 | _a(BD-RjUL)66324 | ||
| 040 |
_aBD-RjUL _beng _cBD-RjUL _dBD-RjUL |
||
| 041 | _aeng | ||
| 082 |
_223 _a614.47 _bAMG 1985 |
||
| 110 | 1 |
_aAmerican College of Physicians. _9195885 |
|
| 245 |
_aGuide for adult immunization / _cAmerican College of Physicians. |
||
| 250 | _a1st ed. | ||
| 260 |
_aPhiladelphia : _bAmerican College of Physicians, _c1985. |
||
| 300 |
_a132 p. ; _c18 cm |
||
| 500 | _aIncludes index | ||
| 650 |
_aImmunization. _9195886 |
||
| 942 |
_2ddc _cBK |
||
| 999 |
_c66194 _d66194 |
||